000 00258nam a2200097Ia 4500
001 1037075
005 20250826231817.0
008 250824s9999 xx 000 0 und d
245 0 _aSÜTERMAN NASIL KAHRAMAN OLDUM
_cEMRE BÜLBÜL
260 _bİNDİGO YAYINLARI
999 _c1037075
_d1037075